00380nam a2200157Ia 4500008004100000020001500041041001200056082001600068100001800084245004600102250000800148260002500156300000800181650001800189700001500207221030s9999 xx 000 0 und d a8120303970 aEnglish a105.23bMur aR. G. Murdick 0aInformation Systems For Modern Management a3rd bPHIaNew Delhic2004 a466 aMBA Computers aJ. E. Ross